000 01455cam a2200349 i 4500
999 _c27260
_d27260
006 m o d
007 cr bn||||||abp
007 cr bn||||||ada
008 101115s1975 enka ob 001 0 eng d
020 _a9781483102535
_q(electronic bk.)
020 _a148310253X
_q(electronic bk.)
040 _aOCLCE
_beng
_epn
042 _adlr
072 7 _aTEC
_x025000
_2bisacsh
082 0 4 _a623.8/1
_218
100 1 _aMuckle, W.
_q(William)
245 1 0 _aNaval architecture for marine engineers /
_cW. Muckle.
260 _aLondon :
_bNewnes-Butterworths,
_c1975.
300 _a1 online resource (407 pages) :
_billustrations
504 _aIncludes bibliographical references and index.
506 _3Use copy
_fRestrictions unspecified
_2star
_5MiAaHDL
533 _aElectronic reproduction.
_b[Place of publication not identified] :
_cHathiTrust Digital Library,
_d2010.
583 1 _adigitized
_c2010
_hHathiTrust Digital Library
_lcommitted to preserve
_2pda
_5MiAaHDL
650 0 _aNaval architecture.
650 6 _aArchitecture navale.
650 7 _anaval architecture.
_2aat
650 7 _aTECHNOLOGY & ENGINEERING
_xMilitary Science.
_2bisacsh
650 7 _aNaval architecture.
_2fast
776 0 8 _iPrint version:
_aMuckle, W. (William).
_tNaval architecture for marine engineers.
_dLondon : Newnes-Butterworths, 1975
_w(DLC) 75330298
_w(OCoLC)1975411
856 4 0 _uhttps://www.sciencedirect.com/science/book/9780408001694
942 _cEBK